| 000 | 00776nam a2200181 4500 | ||
|---|---|---|---|
| 999 |
_c16086 _d16086 |
||
| 008 | 210412b ||||| |||| 00| 0 eng d | ||
| 022 | _a0732-8435 | ||
| 082 | _aDPer 657.05 C33 Sept-Dec 2011 v. 81 n. 9-12 | ||
| 100 |
_aTribunella, Thomas. _943102 |
||
| 245 |
_a20 questions on marriage and taxes: _bpenalties and bonuses for filing status/ _cThomas Tribunella, Heidi Tribunella and Laurie Phelps. |
||
| 246 |
_aTwenty questions on marriage and taxes: _bpenalties and bonuses for filing status/ |
||
| 260 |
_aNew York: _bThe New York State Society of CPA, _c©2011. |
||
| 300 |
_av81 n12, pages 38-43: _bcolor illustrations; _c28 cm. |
||
| 650 |
_aTaxation. _943103 |
||
| 700 |
_aTribunella, H. _eAuthor. _943104 |
||
| 700 |
_aPhelps, L. _eAuthor. _943105 |
||
| 942 |
_2ddc _cPER |
||